|
|
|
|
| LEADER |
00000nas a22000001a 4500 |
| 001 |
vtls010301275 |
| 003 |
SK-MaSNL |
| 005 |
20260228161916.0 |
| 008 |
110810d19521952xo mr p r 0 b0slo |
| 015 |
|
|
|a SNBDS17XX9999
|
| 015 |
|
|
|a 0354
|2 Balúnová 1945-60
|
| 038 |
|
|
|a SNKBUDS
|
| 040 |
|
|
|a SNK
|b slo
|c SNK
|e AACR2
|
| 041 |
0 |
|
|a slo
|
| 044 |
|
|
|a xo
|c SK
|
| 080 |
|
|
|a 352/354
|2 2001
|
| 245 |
0 |
0 |
|a Hlas ľudovej správy
|b časopis závodnej skupiny ROH pri ONV
|
| 260 |
|
|
|a Komárno
|b Závodná rada pri ONV Komárno
|c 1952
|
| 300 |
|
|
|a 3 čís.
|c 21 x 30 cm
|
| 310 |
|
|
|a 1x mesačne
|
| 362 |
0 |
|
|a Roč. I, č. 1 (1. máj 1952)-č. 3 (27. jún 1952)
|
| 500 |
|
|
|a Vych. v Komárne mesačne
|
| 500 |
|
|
|a Zodp. red. Ján Šišovič s red. kruhom
|
| 500 |
|
|
|a Vyd. Závodná rada pri ONV v Komárne
|
| 500 |
|
|
|a Tlač. rozmnož. cyklostylom
|
| 500 |
|
|
|a Vych. od 1. mája 1952; pov. PIO č. 9541/52-IV/2-D; posl. známe č. z 27. júna 1952
|
| 505 |
8 |
0 |
|g Roč. I. 1952 3 č. po 6 s.
|
| 650 |
0 |
7 |
|a verejná správa
|2 SNKPH
|9 1538
|
| 650 |
0 |
7 |
|a národné výbory
|9 59059
|
| 650 |
0 |
7 |
|a časopisy
|2 SNKBUDS
|9 1421
|
| 651 |
|
7 |
|a Komárno (Slovensko : okres)
|9 15954
|
| 655 |
|
7 |
|a regionálne informačné časopisy
|2 SNKBUDS
|9 269922
|
| 655 |
|
7 |
|a bulletiny
|2 SNKPH
|9 70453
|
| 700 |
1 |
|
|a Šišovič, Ján
|4 pbd
|9 269923
|
| 710 |
1 |
|
|a Komárno (Slovensko).
|b Okresný národný výbor
|9 158984
|
| 852 |
|
|
|a SNK
|b 10000
|h ČSB 1042
|
| 852 |
|
|
|a SVKKK
|b 900000
|h C 2936
|
| 999 |
|
|
|c 6178
|d 8108
|